La partición de bienes: jurisprudencia. Libro homenaje

Spremljeno u:
Bibliografski detalji
Glavni autor: Lira Urquieta, Pedro (autor)
Format: Nepoznato
Jezik:engleski
Izdano: Santiago, Chile El Jurista 2020
Teme:
Oznake: Dodaj oznaku
Bez oznaka, Budi prvi tko označuje ovaj zapis!

MARC

LEADER 00000 a2200000 4500
003 CL-VaPUC
005 20210612001418.0
008 200402b ||||| |||| 00| 0 eng d
999 |c 423196  |d 423194 
020 |a 9789563670660 
040 |c Pontificia Universidad Católica de Valparaíso 
082 0 4 |2 21  |a 346.04 LIR 2020 
100 |a Lira Urquieta, Pedro  |e autor  |9 259149 
245 1 3 |a La partición de bienes: jurisprudencia. Libro homenaje 
260 3 |b El Jurista  |c 2020  |a Santiago, Chile 
300 |a 281 páginas 
583 |k Hugo Gaete  |c 20200402 
650 1 0 |a Derecho privado  |9 258243 
650 1 0 |a Partición de bienes  |9 256640 
650 1 0 |a Bienes  |9 255749 
942 |2 ddc  |c BK 
952 |0 0  |1 0  |2 ddc  |4 0  |6 346_040000000000000_LIR_2020  |7 0  |8 A  |9 562211  |a BIBDER  |b BIBDER  |d 2020-04-01  |e 22  |g 15500.00  |i 5575249  |o 346.04 LIR 2020  |p 5575249  |r 2023-01-25  |t 1  |v 15500.00  |w 2020-04-01  |y BK  |k DER